| 000 | 01189nam a2200301 i 4500 | ||
|---|---|---|---|
| 999 |
_c2099 _d2099 |
||
| 007 | ta | ||
| 008 | s2013 ii ab b 101 0 eng d | ||
| 020 |
_a9788188934997 _cRs. 6500.00 |
||
| 020 | _a8188934992 | ||
| 040 |
_beng _aKO |
||
| 044 | _aii | ||
| 082 | 0 | 4 |
_223 _a387.540954 _bIn865 |
| 111 | 2 |
_aInternational Seminar on Marine Archaeology _n(3rd : _d2007 : _cNew Delhi, India), |
|
| 245 | 1 | 0 |
_aMaritime Heritage of Indian Ocean / _ceditor, Alok Tripathi ; organized by Indian Navy and Archaeological Survey of India. |
| 260 |
_aNew Delhi : _bSharada Publishing House, _c2013 |
||
| 300 |
_axi, 352 p. : _bill. (chiefly color), maps (chiefly color) ; _c29 cm |
||
| 504 | _aIncludes bibliographical references and index. | ||
| 520 | _aProceedings of the International Seminar on Marine Archaeology, held at New Delhi during 23-24 August 2007. | ||
| 650 | 0 |
_aUnderwater archaeology _zIndian Ocean |
|
| 650 | 0 |
_aNavigation _zIndian Ocean |
|
| 700 | 1 |
_aTripathi, Alok, _d1965- _eedt |
|
| 710 | 1 |
_aIndia. _bIndian Navy, _ehost institution. |
|
| 710 | 2 |
_aArchaeological Survey of India, _ehost institution. |
|
| 904 | _aRUDRA_R | ||
| 905 | _aR_RANJAN | ||
| 942 |
_2ddc _cRT |
||